Statistics for Differentiation A level Maths

Click here to take the quiz!

General Stats

  • This quiz has been taken 131 times
  • The average score is 5 of 7

Answer Stats

f(x)f'(x)% Correct
lnx1/x
94%
sinkxkcoskx
89%
-sinkx-kcoskx
89%
e^kxke^kx
89%
coskx-ksinkx
88%
-coskxksinkx
88%
a^kxa^kx klna
7%

Score Distribution

Percentile by Number Answered

Percent of People with Each Score

Your Score History

You have not taken this quiz